000 00609nam a2200229Ia 4500
003 OSt
005 20221005050607.0
006 a|||||r|||| 00| 0
007 ta
008 221004b |||||||| |||| 00| 0 urd d
024 _a12125
037 _cTextual
040 _aCRL
_cCRL
_burd
041 _2urd
_aurd
082 _aY, 168J1
100 _aSulaiman Mohammad Iqbal Au.
_9594933
245 0 _aAadab-e-zindagi
260 _aLahore
_bMaktaba jadeed Pakistan
_c1951
650 _aSOCIOLOGY
942 _hY, 168J1
_cTEXL
_2cc
999 _c957354
_d957354